000
00313nam a2200133Ia 4500
008
240624s9999 xx 000 0 und d
041
_a
eng
082
_a
920 PAD
100
_a
ALYQUE PADAMSEE
245
_a
DOUBLE LIFE
260
_c
2000
_a
New Delhi
_b
Penguin Books India
300
_a
320 : p.
365
_c
RS
_b
25
999
_c
17215
_d
17215